Solleone /
Gespeichert in:
| 1. Verfasser: | |
|---|---|
| Format: | Buch |
| Sprache: | Italienisch |
| Veröffentlicht: |
Sesto San Giovanni :
Asterisco,
2020
|
| Schriftenreihe: | Illustrissime
|
| Tags: |
Keine Tags, Fügen Sie das erste Tag hinzu!
|
MARC
| LEADER | 00000nam a22000007i 4500 | ||
|---|---|---|---|
| 001 | IT\ICCU\MOD\1721727 | ||
| 003 | ItRI | ||
| 005 | 20260214113321.0 | ||
| 008 | 210417s2020 it |||||| ||||| |||||c | ||
| 020 | |a 9788894437164 | ||
| 040 | |b ita |c Comunitas | ||
| 041 | 7 | |a ita |2 ISO-639-2 | |
| 100 | 1 | |a Schiatti, Noah |0 IT\ICCU\MODV\673691 | |
| 240 | 1 | 0 | |a Solleone |9 Schiatti, Noah |
| 245 | 1 | 0 | |a Solleone / |c Noah Schiatti. |
| 260 | |a Sesto San Giovanni : |b Asterisco, |c 2020 | ||
| 300 | |a 1 volume (senza paginazione) : |b fumetti ; |c 22 cm | ||
| 830 | 0 | |a Illustrissime |0 IT\ICCU\LO1\1800775 | |
| 942 | |2 ddc |c BK | ||
| 952 | |0 0 |1 0 |2 ddc |4 0 |6 741_500000000000000_SCH_SOL |7 0 |9 4235 |a AN |b AN |d 2025-05-10 |l 0 |o 741.5 SCH SOL |p 11412 |r 2025-05-10 19:50:32 |w 2025-05-10 |x copia dedicata al comitato con disegno e autografo |y BK | ||
| 952 | |0 0 |1 0 |4 0 |6 F_741_594000000000000_SCH |7 0 |9 21518 |a BO |b BO |d 2026-01-15 |i 19249 |l 0 |o F 741.594 SCH |p BO19249 |r 2026-01-15 23:22:00 |w 2026-01-15 |x [Sebina 5] [1 v.] |y BK |z 1 v. | ||
| 999 | |c 3255 |d 3255 | ||